00347nam a2200145Ia 4500008004100000020001500041041001200056082001600068100001600084245004000100260002500140300000800165650001600173700001200189221030s9999 xx 000 0 und d a8120310462 aEnglish a105.23bRum aJ. Rumbaugh 0aObject - Oriented Modeling & Design bPHIaNew Delhic1996 a500 aBE Computer aM. Blah